Diario di una guerriera single : il mio matrimonio con me stessa /
I tiakina i:
| Kaituhi matua: | |
|---|---|
| Ētahi atu kaituhi: | |
| Hōputu: | Pukapuka |
| Reo: | Itāriana |
| I whakaputaina: |
Milano :
BD,
[2022]
|
| Rangatū: | J-pop
|
| Ngā Tūtohu: |
Kāore He Tūtohu, Me noho koe te mea tuatahi ki te tūtohu i tēnei pūkete!
|
MARC
| LEADER | 00000nam a22000007i 4500 | ||
|---|---|---|---|
| 001 | IT\ICCU\TO1\0040113 | ||
| 003 | ItRI | ||
| 005 | 20260115232059.0 | ||
| 008 | 221108s2022 it |||||| ||||| |||||c | ||
| 020 | |a 9788834910894 | ||
| 040 | |b ita |c importazione bologna sebina | ||
| 041 | 7 | |a ita |2 ISO-639-2 | |
| 100 | 1 | |a Nagata, Kabi, |d (1987- ) |0 IT\ICCU\TO1V\003369 | |
| 240 | 1 | 0 | |a Meisō Senshi Nagata Kabi |3 IT\ICCU\RAV\2187574 |9 Nagata, Kabi <1987- > |
| 245 | 1 | 0 | |a Diario di una guerriera single : |b il mio matrimonio con me stessa / |c Kabi Nagata. |
| 260 | |a Milano : |b BD, |c [2022] | ||
| 300 | |a 1 volume (senza paginazione) : |b fumetti ; |c 21 cm | ||
| 500 | |a Data di pubblicazione desunta da catalogo online | ||
| 500 | |a Traduzione di Carlotta Spiga | ||
| 700 | 1 | |a Spiga, Carlotta |0 IT\ICCU\VIAV\154165 |4 trl | |
| 830 | 0 | |a J-pop |0 IT\ICCU\ANA\0493938 | |
| 942 | |2 ddc |c BK |n 0 | ||
| 952 | |0 0 |1 0 |4 0 |6 F_741_595000000000000_NAG |7 0 |9 19695 |a BO |b BO |d 2026-01-15 |i 20318 |l 0 |o F 741.595 NAG |p BO20318 |r 2026-01-15 23:20:59 |w 2026-01-15 |x [Sebina 5] [1 v.] |y BK |z 1 v. | ||
| 999 | |c 16793 |d 16793 | ||